000 00653nam a22001572 4500
001 0000016918
005 20140825164657.0
008 090701s1988 xx 000 0 eng d
040 _aPUL
245 0 4 _aThe Christian as minister :
_ban inquiry into ordained, consecrated, and commissioned ministries in the United Methodist Church /
_cRobert F. Kohler, editor ; editorial committee, Joaquin Garcia ... [et al.].
260 _aNashville, Tenn. :
_bGeneral Board of Higher Education and Ministry, United Methodist Church,
_c1988.
300 _a104 p. ;
_c26 cm.
650 0 _aMethodist Church
_xClergy.
908 _a090701
050 _aBX8345
_b.C45 1988
999 _c16224
_d16224